00633nam a2200205Ia 4500003000900000008004100009040001300050040001300063041000900076100002600085100000800111245012000119250002400239260003000263260000900293300001100302300001000313490000600323600009800329IT-RoPAU120407s9999 xx 000 0 und d aIT-RoPAU cIT-RoPAU alat  aAlfonso M. De Liguori csan aHomo apostolicus instructus in sua vocatione ad audiendas confessiones, adsunt in fine operis appendices perutiles. aAugustae Taurinorum aEd. nova...cura et studio c1890 a824 p. c22 cm v1 aEd. nova... cura et studio P. Adraini Saraceno, Orat. Praep. Augustae Taurinorum ,H. Marietti